| Tag |
First Indicator |
Second Indicator |
Subfields |
| LEADER |
00000cam a2200000Ia 4500 |
| 001 |
in00002470913 |
| 005 |
20210817091337.0 |
| 006 |
m d |
| 007 |
cr cn||||||||| |
| 008 |
080226s2006 nyua sb 001 0 eng d |
| 020 |
|
|
|a 0387255346
|
| 020 |
|
|
|a 9780387255347
|
| 035 |
|
|
|a (OCoLC)209907567
|
| 035 |
|
|
|a (OCoLC)ocn209907567
|
| 037 |
|
|
|a 978-0-387-25533-0
|b Springer
|n http://www.springerlink.com
|
| 040 |
|
|
|a GW5XE
|c GW5XE
|d GW5XE
|d UtOrBLW
|
| 049 |
|
|
|a TEFA
|
| 050 |
1 |
4 |
|a HB846.5
|b .T85 2006eb
|
| 082 |
0 |
4 |
|a 336.001/5118
|2 22
|
| 100 |
1 |
|
|a Tulkens, Henry.
|0 http://id.loc.gov/authorities/names/n84021792
|
| 245 |
1 |
0 |
|a Public goods, environmental externalities and fiscal competition :
|b selected papers on competition, efficiency and cooperation in public economics /
|c by Henry Tulkens ; edited and introduced by Parkash Chander [and others].
|
| 264 |
|
1 |
|a New York :
|b Springer,
|c [2006]
|
| 264 |
|
4 |
|c ©2006
|
| 300 |
|
|
|a xviii, 588 pages :
|b illustrations ;
|c 25 cm.
|
| 336 |
|
|
|a text
|b txt
|2 rdacontent
|
| 337 |
|
|
|a computer
|b c
|2 rdamedia
|
| 338 |
|
|
|a online resource
|b cr
|2 rdacarrier
|
| 500 |
|
|
|a Electronic resource.
|
| 504 |
|
|
|a Includes bibliographical references and index.
|
| 533 |
|
|
|a Electronic reproduction.
|b New York :
|c Springer,
|d 2008.
|n Mode of access: World Wide Web.
|n System requirements: Web browser.
|n Title from title screen (viewed on Jan. 30, 2008).
|n Access may be restricted to users at subscribing institutions.
|
| 650 |
|
0 |
|a Externalities (Economics)
|x Environmental aspects
|x Mathematical models.
|
| 650 |
|
0 |
|a Fiscal policy
|x Mathematical models.
|0 http://id.loc.gov/authorities/subjects/sh2008103821
|
| 650 |
|
0 |
|a Public goods
|x Mathematical models.
|0 http://id.loc.gov/authorities/subjects/sh2010108853
|
| 650 |
|
6 |
|a Biens collectifs
|x Modèles mathématiques.
|
| 650 |
|
6 |
|a Économies externes
|x Aspect de l'environnement
|x Modèles mathématiques.
|
| 650 |
|
6 |
|a Politique fiscale
|x Modèles mathématiques.
|
| 655 |
|
7 |
|a Electronic books.
|2 local
|
| 700 |
1 |
|
|a Chander, Parkash.
|0 http://id.loc.gov/authorities/names/no95042307
|
| 710 |
2 |
|
|a SpringerLink (Online service)
|0 http://id.loc.gov/authorities/names/no2005046756
|
| 776 |
1 |
|
|c Original
|z 0387255338
|z 9780387255330
|w (DLC) 2005932167
|w (OCoLC)71891642
|
| 856 |
4 |
0 |
|u http://proxy.library.tamu.edu/login?url=https://dx.doi.org/10.1007/b135529
|z Connect to the full text of this electronic book
|t 0
|
| 994 |
|
|
|a C0
|b TEF
|
| 999 |
|
|
|a MARS
|
| 999 |
f |
f |
|s aaf7367d-7a0d-32a6-8434-f973626546d5
|i b3bb5567-726c-3bd6-98d1-3f8921ab4ff3
|t 0
|
| 952 |
f |
f |
|a Texas A&M University
|b College Station
|c Electronic Resources
|d Available Online
|t 0
|e HB846.5 .T85 2006eb
|h Library of Congress classification
|
| 998 |
f |
f |
|a HB846.5 .T85 2006eb
|t 0
|l Available Online
|